000 01090nam a22002417a 4500
005 20100910161617.0
010 _aMAR-20269
020 _c150.00
_a9788189634285
035 _aMR-12927
037 _bDBAD / PUB
082 _a921
245 _aऋणानुबंध /
_cशंकर वैद्य तथा सदा डुम्बरे द्वारा संपादित
246 _aRinanbandh
_b
260 _aपुणे
_bस्नेहवर्धन प्रकाशन
_c2010
270 _a863 सदाशिव पेठ, महात्मा फुले सभागृहामागे
_bपुणे
_e411030
300 _a187पृ
_c21सेमी (अजिल्द)
650 _aआत्मचरित्र
_920604
650 _aAutobigraphy
_920605
700 _917934
_aवैद्य,शंकर
700 _919411
_aडुम्बरे,सदा
942 _2ddc
_cMR
_mमोडक
_h921
999 _c46622
_d46622